Investície do reklamy stúpajú. Využívanie médií na reklamu v zahraničí a na Slovensku.
Údaje o využívaní tlače, rozhlasu a televízie na reklamu v krajinách západnej Európy a USA, podiel médií na príjmoch z reklamy v r. 1990. Tlač a reklama. Rozšírenosť masmédií na Slovensku, ich publikum a diferencovanosť reklamy v nich.
Salvato in:
| Autore principale: | |
|---|---|
| Natura: | Capitolo di libro |
| Lingua: | slovacco |
| Soggetti: | |
| Tags: |
Nessun Tag, puoi essere il primo ad aggiungerne!!
|
MARC
| LEADER | 00000naa a2200000 4500 | ||
|---|---|---|---|
| 001 | r012760 | ||
| 005 | 20220826094938.5 | ||
| 041 | 0 | |a slo | |
| 044 | |a SK | ||
| 245 | 1 | 0 | |a Investície do reklamy stúpajú. |b Využívanie médií na reklamu v zahraničí a na Slovensku. |c V. Holina |
| 520 | |a Údaje o využívaní tlače, rozhlasu a televízie na reklamu v krajinách západnej Európy a USA, podiel médií na príjmoch z reklamy v r. 1990. Tlač a reklama. Rozšírenosť masmédií na Slovensku, ich publikum a diferencovanosť reklamy v nich. | ||
| 610 | 2 | 0 | |a reklama |
| 610 | 2 | 0 | |a náklady |
| 610 | 2 | 0 | |a prostriedky masovokomunikačné |
| 610 | 2 | 0 | |a príjmy |
| 610 | 2 | 0 | |a svet |
| 610 | 2 | 0 | |a západná Európa |
| 610 | 2 | 0 | |a USA |
| 610 | 2 | 0 | |a Slovensko |
| 100 | 1 | |a Holina, V. | |